000
00299nam a2200109Ia 4500
008
200302s9999 xx 000 0 und d
100
_a
Zeny Edwards
245
_a
William Hardy Wilson : Artist Archtiect Orientalist Visionary
260
_b
The Watermark Press,Sydney
260
_c
2001
300
_a
260 P
999
_c
4977
_d
4977